Copyright for academic librarians and professionals / (Record no. 4232)

MARC details
000 -LEADER
fixed length control field 00741nam a22002057a 4500
003 - CONTROL NUMBER IDENTIFIER
control field OSt
005 - DATE AND TIME OF LATEST TRANSACTION
control field 20250826022126.0
008 - FIXED-LENGTH DATA ELEMENTS--GENERAL INFORMATION
fixed length control field 250826b |||||||| |||| 00| 0 eng d
020 ## - INTERNATIONAL STANDARD BOOK NUMBER
International Standard Book Number 9780838912140
040 ## - CATALOGING SOURCE
Transcribing agency OC
082 ## - DEWEY DECIMAL CLASSIFICATION NUMBER
Classification number Res. 346.7304 B985c 2014
100 ## - MAIN ENTRY--PERSONAL NAME
Personal name BURLER, REBECCA P.
245 ## - TITLE STATEMENT
Title Copyright for academic librarians and professionals /
Statement of responsibility, etc. BURLER, REBECCA P.
260 ## - PUBLICATION, DISTRIBUTION, ETC.
Place of publication, distribution, etc. Chicago :
Name of publisher, distributor, etc. ALA editions, an imprint of the American Library Association,
Date of publication, distribution, etc. c2014.
300 ## - PHYSICAL DESCRIPTION
Extent xvii, 278 pages :
Other physical details illustrations ;
Dimensions 25 cm.
504 ## - BIBLIOGRAPHY, ETC. NOTE
Bibliography, etc. note Includes bibliographical references
650 ## - SUBJECT ADDED ENTRY--TOPICAL TERM
Source of heading or term Academic librarians--United States--Handbooks, manuals, etc.
650 ## - SUBJECT ADDED ENTRY--TOPICAL TERM
Source of heading or term Copyright--United States.
942 ## - ADDED ENTRY ELEMENTS (KOHA)
Source of classification or shelving scheme Dewey Decimal Classification
Koha item type Book- Reserved
Call number prefix Res.
Suppress in OPAC No

No items available.